000 00567nam a2200157 i 4500
001 33946
003 ES-MaACL
005 20230906154840.0
007 t|
008 030203s1983 sp ||||1| spa d
245 0 0 _aBodas de Oro (1932-1982) de los Catedráticos de Derecho Procesal, Leonardo Prieto-Castro y Ferrandiz y Nieto Alcalá-Zamora y Castillo.
260 _a[Madrid :
_bs.n.],
_c1983.
300 _a6 h. ;
_c24 cm.
500 _aEs separata de: Revista de derecho procesal iberoamericana, 1983, nº 1, p. 199-227.
852 _aES-MaACL
_j2142-F-21
_bR.114692
999 _c33946
_d33946